000 00394nam a22001697a 4500
003 MPLRDC
005 20220104124207.0
008 210129b ||||| |||| 00| 0 eng d
082 _a880 GEJ-2
100 _a高尔基著; 陆风译
245 _a在底层
_c
250 _a一版一刷
260 _a
_b人民文学出版社
_c1955
300 _b
650 _a
942 _cBK
_o880 GEJ-2
999 _c17383
_d17373